Duos/couples séries télé- Clic Quiz - Statistiques

Statistiques générales
  • Ce quiz a été pris 305 fois
  • Le résultat moyen est 12 sur 21
Statistiques - réponses
Hint Réponse % Correct
Chouchou/Loulou Un gars une fille
93%
Nicolas/Hélène Hélène et les garçons
89%
Ross/Rachel Friends
89%
Lois Lane/Clark Kent Les nouvelles aventures de Superman
86%
Caroline/Charles Ingalls La petite maison dans la prairie
77%
Ken Hutchinson/David Starsky Starsky et Hutch
77%
Sue Ellen/J.R Ewing Dallas
63%
Fox Mulder/Dana Scully X-Files : Aux frontières du réel
58%
Carrie Bradshaw/Mister Big Sex and the city
55%
Victor/Nicky Newman Les feux de l'amour
53%
Tony Micelli/Angela Bower Madame est servie
50%
Catherine/Jacques Baumont Une famille formidable
49%
John Steed/Emma Peel Chapeau melon et bottes de cuir
47%
Jonathan/Jennifer Hart Pour l'amour du risque
47%
Danny Wilde/Brett Sinclair Amicalement vôtre
45%
Michel Tanguy/Ernest Laverdure Les chevaliers du ciel
43%
Sonny Crocket/Riccardo Tubbs Deux flics à Miami
41%
James West/Artemus Gordon Les Mystères de l'ouest
38%
Francis Poncherello/Jon Baker CHiPs
34%
Luke Duke/Bo Duke Shérif fais moi peur !
34%
Sam Beckett/Al Calavici Code Quantum
32%
Aucun quiz correspondant
Distribution des résultats
% des personnes avec chaque résultat
Percentile par nombre de réponses
Votre historique - résultats
Vous n’avez pas pris ce quiz